|
|
|
|
| LEADER |
00000nas a2200000 a 4500 |
| 001 |
ssj0011025 |
| 003 |
WaSeSS |
| 005 |
20200512172242.0 |
| 006 |
m d |
| 007 |
cr n |
| 008 |
001024c19969999enkbx pss 0 0eng c |
| 010 |
|
|
|a 00252553
|
| 015 |
|
|
|a GBB3A4807
|2 bnb
|
| 016 |
|
|
|a (AMICUS)000024622679
|
| 016 |
7 |
|
|a 012432348
|2 Uk
|
| 016 |
7 |
|
|a 2031899-6
|2 DE-600
|
| 022 |
|
|
|a 1758-6003
|l 1362-0436
|y 1362-0436
|
| 035 |
|
|
|a (WaSeSS)ssj0011025
|
| 037 |
|
|
|b Emerald Group Publishing Limited, 60/62 Toller Lane, Bradford BD8 9BY, England
|
| 040 |
|
|
|a WAU
|b eng
|e pn
|c WAU
|d OCLCQ
|d CNU
|d F#A
|d SERSO
|d VRC
|d OCLCQ
|d OCLCF
|d BEDGE
|d OCLCQ
|d DLC
|d NLC
|d NLE
|d OCLCQ
|d V5E
|d OCLCQ
|d UKMGB
|d VT2
|d UHL
|d UKBTH
|d OCLCQ
|d SFB
|d WaSeSS
|
| 042 |
|
|
|a pcc
|
| 050 |
0 |
0 |
|a HF5549.5.C35
|
| 082 |
0 |
4 |
|a 650.14
|
| 130 |
0 |
|
|a Career development international (Online)
|
| 222 |
|
0 |
|a Career development international
|b (Online)
|
| 245 |
1 |
0 |
|a Career development international
|h [electronic resource].
|
| 260 |
|
|
|a Bradford, England :
|b Emerald Group Pub.,
|c 1996-
|
| 310 |
|
|
|a Seven no. a year
|
| 362 |
0 |
|
|a Vol. 1, no. 1 (1996)-
|
| 500 |
|
|
|a Title from issue table of contents (Emerald, viewed Aug. 26, 2004).
|
| 506 |
|
|
|a License restrictions may limit access.
|
| 515 |
|
|
|a Some issues combined.
|
| 538 |
|
|
|a Mode of access: World Wide Web.
|
| 580 |
|
|
|a Merger of: Executive development (Online); and: International journal of career management (Online).
|
| 588 |
|
|
|a Latest issue consulted: Vol. 21, issue 7 (2016) (Emerald Insight website, viewed Nov. 18, 2016).
|
| 650 |
|
0 |
|a Career development
|v Periodicals.
|
| 650 |
|
0 |
|a Executives
|x Training of
|v Periodicals.
|
| 650 |
|
7 |
|a Publications périodiques.
|2 eclas
|
| 650 |
|
7 |
|a Politique de l'entreprise.
|2 eclas
|
| 650 |
|
7 |
|a Gestion du personnel.
|2 eclas
|
| 650 |
|
7 |
|a Vie professionnelle.
|2 eclas
|
| 650 |
|
7 |
|a Qualifications requises pour l'emploi.
|2 eclas
|
| 650 |
|
7 |
|a Career development.
|2 fast
|0 (OCoLC)fst00847280
|
| 650 |
|
7 |
|a Executives
|x Training of.
|2 fast
|0 (OCoLC)fst00917945
|
| 655 |
|
0 |
|a Electronic journals.
|
| 776 |
0 |
8 |
|i Print version:
|t Career development international
|x 1362-0436
|w (DLC) 96643299
|w (OCoLC)34903230
|
| 780 |
1 |
4 |
|t Executive development (Online)
|x 1758-6011
|w (DLC) 00252551
|w (OCoLC)45226719
|
| 780 |
1 |
4 |
|t International journal of career management (Online)
|x 1758-5945
|w (DLC) 00252552
|w (OCoLC)45225955
|
| 850 |
|
|
|a DLC
|
| 856 |
4 |
0 |
|z Full text available from Research Library: 01/01/1996 to 1 year ago
|u https://search.proquest.com/publication/26697
|